000 00472nam a2200133 a 4500
008 120416s1968 ||||||||||||||||| || u
050 _aHF 5485 Jen
100 _aJenkins, Creed H
245 1 0 _aModern warehouse management
260 _aNew York
_bMcGraw-Hill
_c[1968]
300 _aix, 319p. : ill.
350 _a0.00
995 _D0.00
_FCBU-MAIN LIBRARY (Kitwe)
_H1
_I0.00
_UAVAILABLE
_ZMain Library Open Access Collection
999 _c51533
_d51533